| 000 | 00827nam a2200229 a 4500 | ||
|---|---|---|---|
| 001 | 39990 | ||
| 003 | BD-RjUL | ||
| 005 | 20211209053119.0 | ||
| 008 | 160420s1990 bg ||||| |||| 00| 0 ben d | ||
| 020 | _c: Tk.45.00 | ||
| 035 | _a(BD-RjUL)40104 | ||
| 040 |
_aBD-RjUL _bben _cBD-RjUL |
||
| 041 | _aben | ||
| 082 |
_223 _a915.414 _bBAK 1990 |
||
| 100 |
_aবানু, আখতার _9123176 |
||
| 245 | 1 | 0 |
_aকলকাতা হয়ে কন্যাকুমারী / _cআখতার বানু |
| 260 |
_aঢাকা : _bচারদিক, _c১৯৯০ |
||
| 300 |
_a৯৬ পৃ. : _bচিত্র ; _c২১ সে.মি. |
||
| 651 |
_aভারত (কলকাতা) _vবর্ণনা ও ভ্রমণ _9123186 |
||
| 651 |
_aIndia (kolkata) _vDescription and travel _9123187 |
||
| 942 |
_2ddc _cBK _01 |
||
| 999 |
_c39990 _d39990 |
||